000 00407nam a2200157Ia 4500
008 240729s9999 xx 000 0 und d
022 _a1678-4618
245 0 _aEclética Química
260 _aBrazil
260 _bUniversidade Estadual Paulista
650 _a Chemistry
650 _aScience
856 _uhttps://doaj.org/toc/daf4a57a0c1c4f9dbdd7a76d8b345efc
942 _2ddc
942 _cDOAJEJ
999 _c66522
_d66522
945 _a1
_bMadushi Gamage
_c1
_dMadushi Gamage